Busiest European Ports on a Map - Statistics

General Stats
  • This quiz has been taken 626 times
  • The average score is 18 of 30
Answers on the Map
Answers color-coded by a green-red scale on the quiz's map according to % correct below.
 
Answer Stats
Gross Weight Handled (in metric tonnes) Port Seaborne Passengers % Correct
49,746,000 Barcelona
94%
49,868,000 London
94%
433,293,000 Rotterdam
91%
Piraeus 8,591,000
90%
98,517,000 Amsterdam
89%
118,761,000 Hamburg
88%
Helsinki 11,769,000
86%
Stockholm 8,631,000
86%
75,617,000 Marseille
84%
Naples 6,159,000
82%
Tallinn 9,969,000
82%
60,116,000 Valencia
82%
201,202,000 Antwerp
81%
50,662,000 Genoa
75%
48,092,000 Bergen
74%
Calais 8,990,000
67%
Dover 11,762,000
67%
49,292,000 Bremerhaven
64%
55,165,000 Trieste
63%
Palma 6,862,000
61%
66,104,000 Le Havre
54%
Messina 9,250,000
42%
Reggio Calabria 8,602,000
24%
83,493,000 Algeciras
23%
Helsingborg 7,319,000
19%
Helsingør 7,310,000
13%
Puttgarden 5,870,000
8%
54,034,000 Immingham
7%
Paloukia 6,881,000
3%
Perama 6,881,000
1%
No matching quizzes found
Score Distribution
Percent of People with Each Score
Percentile by Number Answered
Your Score History
You have not taken this quiz